000 00408nam a2200169Ia 4500
008 221030s9999 xx 000 0 und d
020 _a8172240406
041 _aEnglish
082 _a105.23
_bCoo
100 _aH. L. Cooper
245 4 _aThe Spirit Of C
_cby H. L. Cooper, H. Mullish
260 _bJaico Pub
_aDelhi
_c2001
300 _a527
650 _aBE Computer
700 _aH. Mullish
942 _cBK
999 _c7487
_d7487